Objetivos fundamentales y contenidos mínimos obligatorios de la educación media

Enregistré dans:
Détails bibliographiques
Format: Livre
Langue:espagnol
Publié: Santiago Ministerio de Educación 1997
Sujets:
Tags: Ajouter un tag
Pas de tags, Soyez le premier à ajouter un tag!

MARC

LEADER 00000nam a2200000 a 4500
001 UCO1979
003 CL-VaPUC
008 000602e19970000CL |||||||||||||||||spa|d
082 0 4 |a 370.11  |b OBJ  |2 21 
245 1 0 |a Objetivos fundamentales y contenidos mínimos obligatorios de la educación media 
300 |a 51 p 
942 |c BK 
945 |d 20000602 00:00:00  |a lriquelm 
260 |a Santiago  |b Ministerio de Educación  |c 1997 
650 0 |a Objetivos educativos  |9 306344 
650 0 |a Currículo  |9 307290 
583 |a last modification  |c 20000602 00:00:00  |k Rodrigo Vera 
999 |c 288527  |d 288525 
952 |0 0  |1 0  |4 0  |6 370_110000000000000_OBJ_1997  |7 0  |8 A  |9 336247  |a BIBHIS  |b BIBHIS  |d 2019-11-20  |i 1290266  |o 370.11 OBJ 1997  |p 1290266  |r 2025-01-20  |w 2019-11-20  |y BK  |k HIS